LIBRARY & INFORMATION CENTRE, KCAET, TAVANUR

ONLINE PUBLIC ACCESS CATALOGUE (OPAC)

Short laboratory manual of organic chemistry / (Record no. 9553)

MARC details
000 -LEADER
fixed length control field 00513cam a2200205ua 4500
041 ## - LANGUAGE CODE
Language code of text/sound track or separate title eng
082 ## - DEWEY DECIMAL CLASSIFICATION NUMBER
Classification number 547.3
Item number DEY/SH
100 ## - MAIN ENTRY--AUTHOR NAME
Personal name Dey, B B .
245 ## - TITLE STATEMENT
Title Short laboratory manual of organic chemistry /
250 ## - EDITION STATEMENT
Edition statement 4 /
260 ## - PUBLICATION, DISTRIBUTION, ETC. (IMPRINT)
Place of publication Madras :
Name of publisher Central Art press ,
Year of publication 1959.
300 ## - PHYSICAL DESCRIPTION
Number of Pages 297 ; .
700 1# - ADDED ENTRY--PERSONAL NAME
Personal name Govindhachari, T R .
700 1# - ADDED ENTRY--PERSONAL NAME
Personal name Sitaraman, M V .
942 ## - ADDED ENTRY ELEMENTS (KOHA)
Koha item type Books
Holdings
Withdrawn status Lost status Damaged status Home library Current library Date acquired Cost, normal purchase price Full call number Accession Number Koha item type Public note
Withdrawn     KAUAET Sanskrit University 07/04/2012 5.00 547.3 7403 Books Transferred to Sanskrit University
free website counter